00361nam a22001217a 450000500170000000800410001704100080005808200080006610000640007424500640013826000290020230000080023120240808111932.0240808b |||||||| |||| 00| 0 eng d aeng bHAN aHanumante Srushti- 2K211038 & Dr. Mihika Kulkarni – Guide aA Study of Human resource Department at SKYQUEST Technology aPune bSPPU cMarch-2023 a45p